[Event "COL pre olympic sf"]
[Site "Bogota"]
[Date "2016.05.30"]
[Round "9"]
[White "Castillo Perez, Jaider Enrique"]
[Black "Pedraza, Yonnattanth"]
[Result "1/2-1/2"]
[WhiteElo "1771"]
[BlackElo "2214"]
[PlyCount "74"]
[EventDate "2016.05.25"]
[EventType "swiss"]
[EventRounds "9"]
[EventCountry "COL"]
[SourceTitle "CBM 172 Extra"]
[Source "ChessBase"]
[SourceDate "2016.06.21"]
[SourceVersion "1"]
[SourceVersionDate "2016.06.21"]
[SourceQuality "1"]

1. d4 Nf6 2. Bf4 e6 3. Nf3 b6 4. e3 Bb7 5. Bd3 d5 6. Nbd2 c5 7. c3 Bd6 8. Ne5 0-0 9. Qf3 Nc6 10. Qh3 Ne7 11. Ng4 Ng6 12. Nxf6+ gxf6 13. Bh6 Re8 14. Bb5 Re7 15. 0-0 Rc7 16. f4 f5 17. Nf3 f6 18. g4 fxg4 19. Qxg4 Bf8 20. Qxe6+ Kh8 21. Qh3 Bc8 22. f5 Bxh6 23. Qxh6 Rg7 24. Kf2 Bxf5 25. Rg1 Be4 26. Rg3 Qe7 27. Rag1 Rag8 28. Nd2 Qe6 29. Be2 f5 30. Bh5 f4 31. exf4 Re8 32. Re3 cxd4 33. cxd4 Reg8 34. Bxg6 Rxg6 35. Rxg6 Rxg6 36. Qh4 Rg2+ 37. Ke1 Rg1+ 1/2-1/2

[Event "COL pre olympic sf"]
[Site "Bogota"]
[Date "2016.05.29"]
[Round "7"]
[White "Corredor Castellanos, Camilo"]
[Black "Pedraza, Yonnattanth"]
[Result "1-0"]
[WhiteElo "1965"]
[BlackElo "2214"]
[PlyCount "91"]
[EventDate "2016.05.25"]
[EventType "swiss"]
[EventRounds "9"]
[EventCountry "COL"]
[SourceTitle "CBM 172 Extra"]
[Source "ChessBase"]
[SourceDate "2016.06.21"]
[SourceVersion "1"]
[SourceVersionDate "2016.06.21"]
[SourceQuality "1"]

1. Nf3 Nf6 2. c4 e6 3. Nc3 Bb4 4. Qc2 0-0 5. a3 Bxc3 6. Qxc3 b6 7. g3 Bb7 8. Bg2 d6 9. 0-0 Nbd7 10. b3 Qe7 11. Bb2 Nc5 12. Qc2 h6 13. Nd4 Bxg2 14. Kxg2 e5 15. Nf5 Qd7 16. b4 Nce4 17. Ne3 Qc6 18. f3 Ng5 19. d4 exd4 20. Bxd4 Rae8 21. h4 Ngh7 22. Nf5 b5 23. e4 bxc4 24. Rae1 d5 25. e5 Nd7 26. e6 fxe6 27. Nxh6+ Kh8 28. Qg6 Ndf6 29. Ng4 Re7 30. Bc5 Qe8 31. Ne5 Rff7 32. h5 Nf8 33. Qg5 N6h7 34. Qg4 Rf6 35. Bxe7 Qxe7 36. Ng6+ Nxg6 37. hxg6 Nf8 38. Qh5+ Kg8 39. Qxd5 Qxb4 40. Qxe6+ Rxe6 41. axb4 Rxg6 42. Re4 Rc6 43. Rc1 c3 44. Re3 Rc4 45. Rcxc3 Rxb4 46. Rxc7 1-0

[Event "COL pre olympic sf1"]
[Site "Medellin"]
[Date "2016.03.24"]
[Round "4"]
[White "Pedraza, Yonnattanth"]
[Black "Sanchez, Sebastian Felipe"]
[Result "1/2-1/2"]
[WhiteElo "2158"]
[BlackElo "2415"]
[PlyCount "59"]
[EventDate "2016.03.22"]
[EventType "swiss"]
[EventRounds "9"]
[EventCountry "COL"]
[SourceTitle "CBM 171 Extra"]
[Source "ChessBase"]
[SourceDate "2016.04.26"]
[SourceVersion "1"]
[SourceVersionDate "2016.04.26"]
[SourceQuality "1"]

1. e4 e6 2. Qe2 c5 3. g3 Nc6 4. Nf3 g6 5. Bg2 Bg7 6. 0-0 d6 7. c3 Nge7 8. d3 0-0 9. Be3 b6 10. Na3 Ba6 11. Rfd1 b5 12. d4 Qa5 13. dxc5 b4 14. Nc4 dxc5 15. Nxa5 Bxe2 16. Nxc6 Nxc6 17. Rd6 Rac8 18. cxb4 Nxb4 19. Rd2 Ba6 20. Bf1 c4 21. Rc1 Nd3 22. Bxd3 cxd3 23. Rcd1 Bb7 24. Ne1 Bxe4 25. Nxd3 Rfd8 26. Nc5 Rxd2 27. Rxd2 Bd5 28. b3 a5 29. f4 h5 30. Kf2 1/2-1/2

[Event "COL pre olympic sf1"]
[Site "Medellin"]
[Date "2016.03.23"]
[Round "3"]
[White "Pedraza, Yonnattanth"]
[Black "Mosquera Klinger, Miguel Alonso"]
[Result "1-0"]
[WhiteElo "2158"]
[BlackElo "2386"]
[PlyCount "81"]
[EventDate "2016.03.22"]
[EventType "swiss"]
[EventRounds "9"]
[EventCountry "COL"]
[SourceTitle "CBM 171 Extra"]
[Source "ChessBase"]
[SourceDate "2016.04.26"]
[SourceVersion "1"]
[SourceVersionDate "2016.04.26"]
[SourceQuality "1"]

1. e4 d5 2. exd5 Nf6 3. d4 Nxd5 4. Nf3 g6 5. Be2 Bg7 6. 0-0 0-0 7. h3 Nc6 8. c4 Nb6 9. Be3 e5 10. dxe5 Nxe5 11. Nxe5 Bxe5 12. Qb3 Be6 13. Nd2 Qf6 14. Nf3 Bxb2 15. Rab1 Be5 16. Nxe5 Qxe5 17. Rfe1 Rfe8 18. Bf1 Qa5 19. Bh6 Qh5 20. Bc1 Bxc4 21. Rxe8+ Rxe8 22. Bxc4 Re1+ 23. Kh2 Qe5+ 24. f4 Qf5 25. Bd3 Qf6 26. Bd2 Re7 27. Re1 Rxe1 28. Bxe1 Qxf4+ 29. Bg3 Qd4 30. Bxc7 Nd5 31. Bg3 Ne3 32. Qb5 f6 33. Qe8+ Kg7 34. Qe7+ Kh6 35. Qf8+ Kg5 36. h4+ Kh5 37. Be2+ Ng4+ 38. Kh3 f5 39. Qe7 h6 40. Qe5 Qxe5 41. Bxe5 1-0

[Event "Pan American Amateur-ch"]
[Site "San Andres Islas"]
[Date "2014.08.30"]
[Round "9"]
[White "Martinez Llamas, Amaury A"]
[Black "Pedraza, Yonnattanth"]
[Result "1/2-1/2"]
[WhiteElo "1956"]
[BlackElo "1950"]
[PlyCount "41"]
[EventDate "2014.08.26"]
[EventType "swiss"]
[EventRounds "9"]
[EventCountry "COL"]
[SourceTitle "EXT 2016"]
[Source "ChessBase"]
[SourceDate "2015.10.08"]
[SourceVersion "1"]
[SourceVersionDate "2015.10.08"]
[SourceQuality "1"]

1. Nf3 Nf6 2. g3 d5 3. d4 e6 4. Bg2 Be7 5. 0-0 0-0 6. Nbd2 b6 7. c3 Bb7 8. Ne5 c5 9. Ndf3 Nc6 10. Nxc6 Bxc6 11. Ne5 Bb7 12. Qa4 Qe8 13. Qb3 Nd7 14. Nf3 Bd6 15. Bd2 Bc6 16. a4 Rb8 17. Qc2 h6 18. Rfe1 Qe7 19. Bc1 Rfc8 20. Qd3 Qe8 21. Nd2 1/2-1/2

[Event "Pan American Amateur-ch"]
[Site "San Andres Islas"]
[Date "2014.08.29"]
[Round "6"]
[White "Del Giudice, Juan Eduardo"]
[Black "Pedraza, Yonnattanth"]
[Result "1/2-1/2"]
[WhiteElo "1982"]
[BlackElo "1950"]
[PlyCount "106"]
[EventDate "2014.08.26"]
[EventType "swiss"]
[EventRounds "9"]
[EventCountry "COL"]
[SourceTitle "EXT 2016"]
[Source "ChessBase"]
[SourceDate "2015.10.08"]
[SourceVersion "1"]
[SourceVersionDate "2015.10.08"]
[SourceQuality "1"]

1. e4 c5 2. Nf3 e6 3. d3 d5 4. Nbd2 Nc6 5. g3 Bd6 6. Bg2 Nge7 7. 0-0 0-0 8. Re1 f6 9. c3 Kh8 10. a3 e5 11. h3 Be6 12. b4 d4 13. cxd4 Nxd4 14. Nxd4 cxd4 15. Nc4 Rc8 16. Nxd6 Qxd6 17. Bd2 Rc7 18. Qa4 a6 19. Rec1 b5 20. Qd1 Rfc8 21. Rxc7 Rxc7 22. Rc1 Nc8 23. f4 Nb6 24. f5 Bf7 25. Bf3 Na4 26. Rxc7 Qxc7 27. Qc1 Qxc1+ 28. Bxc1 Kg8 29. Kf2 Kf8 30. Ke1 Ke7 31. Kd2 Bb3 32. Bh5 Kf8 33. h4 Ke7 34. Bf3 h6 35. g4 Kf8 36. Ke1 Kf7 37. g5 hxg5 38. Bh5+ Kf8 39. hxg5 Bc2 40. Kd2 Bb3 41. g6 Ke7 42. Bd1 Bxd1 43. Kxd1 Kf8 44. Kc2 Ke7 45. Kd1 Kf8 46. Ke2 Ke7 47. Kf3 Kf8 48. Kg4 Kg8 49. Kh5 Nc3 50. Kg4 Ne2 51. Bd2 Nc3 52. Kf3 Na4 53. Ke2 Kf8 1/2-1/2

[Event "COL-ch Amateur"]
[Site "Colombia"]
[Date "2014.03.12"]
[Round "1"]
[White "Pedraza, Yonnattanth"]
[Black "Valbuena Navarro, Angel Jesus"]
[Result "1-0"]
[WhiteElo "1955"]
[BlackElo "1701"]
[PlyCount "81"]
[EventDate "2014.03.12"]
[EventType "swiss"]
[EventRounds "9"]
[EventCountry "COL"]
[SourceTitle "CBM 159 Extra"]
[Source "ChessBase"]
[SourceDate "2014.04.24"]
[SourceVersion "1"]
[SourceVersionDate "2014.04.24"]
[SourceQuality "1"]

1. e4 e6 2. d3 Nc6 3. Nf3 Nf6 4. Be2 Be7 5. 0-0 0-0 6. Bf4 d6 7. Nc3 e5 8. Bg5 Be6 9. d4 Nxd4 10. Nxd4 exd4 11. Qxd4 Re8 12. Rfe1 Qd7 13. Rad1 Rad8 14. Qxa7 c6 15. e5 Nd5 16. Bxe7 Qxe7 17. exd6 Rxd6 18. Nxd5 Bxd5 19. Bf1 Re6 20. Rxe6 Bxe6 21. Qa5 h6 22. a3 Bg4 23. Rd4 Bc8 24. Qd2 Kf8 25. b4 c5 26. Rd6 c4 27. Bxc4 Qe1+ 28. Bf1 Qxd2 29. Rxd2 Be6 30. a4 Rc8 31. Be2 Ke7 32. f4 Rc3 33. a5 Bc4 34. Bf3 Ba6 35. Rd5 Bc4 36. Rc5 Rxc2 37. Bxb7 Rc1+ 38. Kf2 Rc2+ 39. Ke3 Bb3 40. Rxc2 Bxc2 41. a6 1-0

[Event "COL-ch Amateur"]
[Site "Colombia"]
[Date "2014.03.12"]
[Round "2"]
[White "Riascos, Guillermo"]
[Black "Pedraza, Yonnattanth"]
[Result "0-1"]
[WhiteElo "1888"]
[BlackElo "1955"]
[PlyCount "78"]
[EventDate "2014.03.12"]
[EventType "swiss"]
[EventRounds "9"]
[EventCountry "COL"]
[SourceTitle "CBM 159 Extra"]
[Source "ChessBase"]
[SourceDate "2014.04.24"]
[SourceVersion "1"]
[SourceVersionDate "2014.04.24"]
[SourceQuality "1"]

1. d4 Nf6 2. c4 e6 3. Nc3 Bb4 4. Qc2 d5 5. Bg5 0-0 6. e3 c5 7. dxc5 h6 8. Bh4 g5 9. Bg3 Ne4 10. Bd3 Bxc3+ 11. bxc3 Nxg3 12. hxg3 Kg7 13. Nf3 Na6 14. cxd5 Nxc5 15. Rd1 Qxd5 16. c4 Nxd3+ 17. Rxd3 Qc5 18. Qc3+ f6 19. Nd2 e5 20. Rd5 Qc6 21. Qd3 Be6 22. e4 Bxd5 23. exd5 Qc5 24. Nb3 Qb4+ 25. Ke2 Rac8 26. Rc1 Rfd8 27. Rc2 a5 28. Nd2 b5 29. Qf5 Qf8 30. Rb2 Rb8 31. Rc2 Qf7 32. Ne4 bxc4 33. Rxc4 Rb7 34. Rc6 Rb2+ 35. Ke3 Rxd5 36. Rxf6 Rd3+ 37. Kxd3 Qd5+ 38. Ke3 Qd4+ 39. Kf3 Qd1+ 0-1

[Event "COL-ch Amateur"]
[Site "San Andres Islas"]
[Date "2013.03.17"]
[Round "9"]
[White "Valderrama Quiceno, Esteban Alberto"]
[Black "Pedraza, Yonnattanth"]
[Result "1/2-1/2"]
[WhiteElo "1862"]
[BlackElo "1911"]
[PlyCount "35"]
[EventDate "2013.03.13"]
[EventType "swiss"]
[EventRounds "9"]
[EventCountry "COL"]
[SourceTitle "CBM 153 Extra"]
[Source "ChessBase"]
[SourceDate "2013.04.22"]
[SourceVersion "1"]
[SourceVersionDate "2013.04.22"]
[SourceQuality "1"]

1. e4 c5 2. Nf3 d6 3. d4 cxd4 4. Nxd4 Nf6 5. Nc3 g6 6. Be3 Bg7 7. f3 0-0 8. Qd2 Nc6 9. 0-0-0 d5 10. Nxc6 bxc6 11. exd5 Nxd5 12. Nxd5 cxd5 13. Qxd5 Qc7 14. Qc5 Qb7 15. Qb5 Qc7 16. Qc5 Qb7 17. Qb5 Qc7 18. Qc5 1/2-1/2

[Event "COL-ch Amateur"]
[Site "San Andres Islas"]
[Date "2013.03.16"]
[Round "6"]
[White "Chaverra, Nilo"]
[Black "Pedraza, Yonnattanth"]
[Result "0-1"]
[WhiteElo "1778"]
[BlackElo "1911"]
[PlyCount "64"]
[EventDate "2013.03.13"]
[EventType "swiss"]
[EventRounds "9"]
[EventCountry "COL"]
[SourceTitle "CBM 153 Extra"]
[Source "ChessBase"]
[SourceDate "2013.04.22"]
[SourceVersion "1"]
[SourceVersionDate "2013.04.22"]
[SourceQuality "1"]

1. b3 e5 2. Bb2 Nc6 3. e3 d5 4. Bb5 Bd6 5. f4 Qh4+ 6. g3 Qe7 7. Nf3 f6 8. fxe5 fxe5 9. Bxc6+ bxc6 10. Nxe5 Nf6 11. Nd3 0-0 12. 0-0 Bh3 13. Bxf6 Rxf6 14. Rxf6 Qxf6 15. Nc3 Rf8 16. Qe2 Qg6 17. Nf2 Bd7 18. Qd3 Bxg3 19. Qxg6 Bxf2+ 20. Kg2 hxg6 21. Rf1 Bh4 22. Rxf8+ Kxf8 23. Kf3 Bf5 24. d3 Be1 25. Ne2 Ke7 26. e4 dxe4+ 27. dxe4 Bd7 28. Kf4 Bd2+ 29. Kf3 Kf6 30. Ng3 Ke5 31. Nf1 Bf4 32. c3 c5 0-1